000 00425nam a22001697a 4500
003 NUST
020 _a81-297-0703-9
038 _abaig
082 _a621.38153 MAN
100 _aMANO, M. MORRIS
_984008
245 _aDIGITAL LOGIC AND COMPUTER DESIGN
260 _aINDIA:
_bPEARSON EDUCATION INDIA,
_c2005.
300 _aXII,612P
563 _apb
650 _aDigital Logic and Computer Design
_984009
942 _cBK
_2ddc
999 _c567215
_d567215